000
00204 a2200097 4500
020
_a
076783006997
041
_a
eng
100
_a
Willis, Connie
245
_a
Miracle and other christmas stories
942
_c
BK
999
_c
4964
_d
4964